Posiciones de sectores políticos y sociales en la negociación del Acuerdo de Asociación Centroamérica - Unión Europea /
El texto habla sobre las posiciones desde la política con respecto al Pacto entre Centroamérica y Europa. Se describen los nuevos escenarios, la Asociación Europea, la diferencia de esta Asociación, sobre el mandato negociador , los desafíos para Centroamérica y el diálogo político entre Europa y Ce...
Guardado en:
| Autor principal: | |
|---|---|
| Otros Autores: | , , |
| Formato: | Desconocido |
| Materias: | |
| Etiquetas: |
Agregar Etiqueta
Sin Etiquetas, Sea el primero en etiquetar este registro!
|
MARC
| LEADER | 00000 a2200000 04500 | ||
|---|---|---|---|
| 001 | 38473 | ||
| 003 | cru CIDCACS/IIS | ||
| 005 | 20210317135636.0 | ||
| 008 | 991231s d | ||
| 040 | |c cru CIDCACS/IIS | ||
| 090 | |a 09.05.01 A367p | ||
| 100 | |a Alemán, Héctor | ||
| 245 | |a Posiciones de sectores políticos y sociales en la negociación del Acuerdo de Asociación Centroamérica - Unión Europea / |c Héctor Alemán | ||
| 300 | |a 43 páginas | ||
| 520 | |a El texto habla sobre las posiciones desde la política con respecto al Pacto entre Centroamérica y Europa. Se describen los nuevos escenarios, la Asociación Europea, la diferencia de esta Asociación, sobre el mandato negociador , los desafíos para Centroamérica y el diálogo político entre Europa y Centroamérica | ||
| 650 | |a ASPECTOS POLITICOS | ||
| 650 | |a ACUERDOS INTERNACIONALES | ||
| 650 | |a INTEGRACION REGIONAL | ||
| 650 | |a AMERICA CENTRAL | ||
| 650 | |a EUROPA | ||
| 700 | |a Campbell, Francisco | ||
| 700 | |a Padrón, Alvaro | ||
| 700 | |a Balbis, Jorge | ||
| 942 | |2 ddc |c LI |h 09.05.01 A367p |i 06027 |6 090501_A367P_06027 | ||
| 999 | |c 15335 |d 15335 | ||
